000 00661nam a2200157Ia 4500
008 151213s9999 xx 000 0 und d
020 _a984-458-366-7
100 _aখন্দকার মুজাম্মিল হক।
245 _aবাংলা পঁথির বানান সমস্যা ও অন্যান্য প্রবন্ধ।
_cখন্দকার মুজাম্মিল হক।
260 _aঢাকা
_bসময় প্রকাশ ।
_c2002
300 _a8483 p.
650 _aBangla
650 _aBengali Literature
700 _aখন্দকার মুজাম্মিল হক।
999 _c4320
_d4320